00618nam a2200169Ia 4500008004100000041000800041082001500049100001800064245006700082260002800149300000800177365001600185700003300201906002400234999001900258952017100277230718s9999 xx 000 0 und d aeng a004.2bTAL aTalukder A.K. aMobile ComputingbTechnology Applications And Service Creation c2006bTata McGraw- Hill a668 cRs.b495.00 aTalukder A.K. & Yavagal R.R. d1250/2.8.06cITb99 c314303d314303 00104070aCCEPbCCEPd2006-08-14eTechnical Book ServicesfITg396.00i1250/2.8.06l0o004.2pCCEP-BK-25510r2023-07-18 00:00:00t99v495.00w2006-08-02yBKz025510